LEADER 00917nam a2200241 u 4500 001 000000042863 003 CaOOAMICUS 005 20070226114355.0 008 990309s1950 it u000 u ita u 035 $a10816904 040 $aPUL(R)$bita 100 1 $aEinaudi, Luigi,$d1874-1961.$0(OLS)http://pul/name/7188 245 13$aLa guerra e l'unità europea /$cLuigi Einaudi. 250 $a2. ed. 260 $aMilano :$bEdizioni di Comunità,$c1950. 300 $a202 p. ;$c23 cm 500 $aContiene indici. 650 4$aUnità europea.$0(OLS)http://pul/subject/7362 850 $aPUL 852 $aPUL$W1$xDP1 Cons. Gen., Altre Classi 1$y22$m44 E 56$j57828$nBK-PRI$b $qStampati$B57828$CPULBib$Z2$F57828 $H $81 941 1 $a8 996 $6245$aLa guerra e l'unità europea$9(OLS)http://pul/title/12771 996 $6260$aMilano :$bEdizioni di Comunità$9(OLS)http://pul/publisher/48252 LEADER 01199nam a2200277 u 4500 001 000000090739 003 CaOOAMICUS 005 20070226124745.0 008 051217s1957 it u000 u ita u 035 $a11073182 040 $aPUL(R)$bita 041 1 $aita$hfre 100 1 $aGuitton, Jean,$d1901-1999.$0(OLS)http://pul/name/1012 240 10$aApprendre á vivre et ápenser.$lItaliano.$0(OLS)http://pul/title/117167 245 12$aL'arte di vivere e di pensare /$cdi Jean Guitton. 260 $a[Roma] :$bEdizioni Paoline,$c[1957] 300 $a113 p. ;$c18 cm 490 1 $aPsychologica (Edizioni Paoline).$a2. Serie ;$v66 500 $aVersione dal francese a c. delle Benedettine di S. Caterina. 650 4$aEducazione morale.$0(OLS)http://pul/subject/7350 830 0$aPsychologica (Edizioni Paoline).$n2. Serie ;$v66.$0(OLS)http://pul/title/13828 850 $aPUL 852 $aPUL$W1$xDP1 Fondo Pastorale$y55$mP19 F 54$j114455$nBK-PRI$b $qFondi$B114455$CPULBib$Z2$F114455 $HPUL331 $81 941 1 $a1 996 $6245$aL'arte di vivere e di pensare$9(OLS)http://pul/title/117168 996 $6260$a[Roma] :$bEdizioni Paoline$9(OLS)http://pul/publisher/51006 LEADER 01698nam a2200385 u 4500 001 000000048340 003 CaOOAMICUS 005 20070226115004.0 008 000427s1995 it u000 u ita u 020 $a8842046299 035 $a10846370 040 $aPUL$bita 041 1 $aita$hfre 245 00$aStoria delle donne in Occidente.$pDal rinascimento all'età moderna /$cGeorges Duby e Michelle Perrot ; a cura di Natalie Zemon Davis e Arlette Farge. 246 30$aDal rinascimento all'età moderna 260 $aRoma :$bLaterza,$c1995. 300 $a559 p. ;$c22 cm 490 1 $aEconomica Laterza ;$v44 500 $aIndici: pp. 543-553. 504 $aBibliografia: pp. [511]-534. 650 4$aDonne$xStudi.$0(OLS)http://pul/subject/19328 650 4$aStoria sociale$zEuropa$yRinascimento.$0(OLS)http://pul/subject/20392 700 1 $aDuby, Georges,$d1919-1996.$0(OLS)http://pul/name/2903 700 1 $aFarge, Arlette.$0(OLS)http://pul/name/35095 700 1 $aDavis, Natalie Zemon,$d1928-$0(OLS)http://pul/name/35094 700 1 $aPerrot, Michelle.$0(OLS)http://pul/name/27638 830 0$aEconomica Laterza ;$v44.$0(OLS)http://pul/title/39309 850 $aPUL 852 $aPUL$W1$xSL Filosofia 1$y2$m118 H 60$j64435$nBK-PRI$b $qStampati$B64435$CPULBib$Z2$F64435 $H $81 941 1 $a8 961 $aINV: 74655 996 $6020$a8842046299$9(OLS)http://pul/number/60729 996 $6245$aStoria delle donne in Occidente.$pDal rinascimento all'età moderna$9(OLS)http://pul/title/65092 996 $6246$aDal rinascimento all'età moderna$9(OLS)http://pul/title/65093 996 $6260$aRoma :$bLaterza$9(OLS)http://pul/publisher/47864